Quizzes
Events
Quiz Creation
Community
Videos
Private Events
Remove Ads
Sign In
Join for FREE
Feedback
Dark Mode
Quiz Categories
Sports
Geography
Music
Movies
Television
Just For Fun
Miscellaneous
History
Literature
Language
Science
Gaming
Entertainment
Religion
Holiday
For Kids
Quiz Lab
Recent
Popular Today
Quiz Kudos Today
Editor Picks
Curator Picks
Quizzes by...
Day
Popularity
Type
Ratings
Length
Year
Community
Subscriptions
Recent Discussions
Orange Saloon
Badges
Playlists
Quests
Create
Leaderboards
Showdown
Live 5
Trivia Bingo
Activity
Puzzle Library
Sporcle Events
Private Events
Virtual Trivia
Globe League
Become a Host
Pub Owners
SporcleCon
Opinionation
Our Games
Videos
Blog
Mobile Apps
Partnerships
Remove Ads and Go Orange
Feedback
Miscellaneous
Crossword
General Knowledge
Baby Names
Logo
Food
Cars
Numbers
Grab Bag
University
College
Popular
Company
Slogans
Restaurants
Justice
Letter
Miscellaneous
Crossword
General Knowledge
Baby Names
Logo
Food
Cars
Numbers
Grab Bag
University
College
Popular
Company
Slogans
Restaurants
Justice
Letter
Random Quiz
Search Sporcle
×
Quiz Lab
Quiz Lab
Miscellaneous
apple
Type in answers that appear in a list
Type in answers that appear in a list
Classic
Best Score? Go Orange.
'Think Different' Commercial Lyrics Stats
Can you name the lyrics in 1998 Apple's 'Think Different' commercial?
By
Jpwn
5m
100 Questions
35 Plays
35 Plays
35 Plays
Comments
Comments
Give Quiz Kudos
Give Quiz Kudos
-
- Ratings
hide this ad
Replay
Link that replays current quiz
Next Quiz
Link to next quiz in quiz playlist
You Got
0%
They Got
Avg Score
78%
Avg Friend Score
Upgrade to see
Score Distribution
Jump to the score distribution portion of the page
Score
0/100
Timer
05:00
0
Plays Today
% Correct
the
100%
The
100%
The
100%
The
100%
The
100%
the
100%
The
100%
And
100%
the
100%
the
100%
the
100%
the
100%
the
100%
the
100%
the
100%
to
88.6%
ones.
88.6%
ones
88.6%
who
88.6%
ones,
88.6%
who
88.6%
are
88.6%
to
88.6%
are
88.6%
ones
88.6%
who
88.6%
crazy
85.7%
in
85.7%
for
85.7%
do
85.7%
crazy
85.7%
crazy
85.7%
do.
85.7%
Here's
82.9%
% Correct
they
82.9%
they
82.9%
They
82.9%
think
82.9%
they
82.9%
You
80%
you
80%
is
80%
people
80%
world,
80%
round
77.1%
square
77.1%
thing
77.1%
can
77.1%
them,
77.1%
them,
77.1%
them.
77.1%
thing
77.1%
them.
77.1%
change
77.1%
them
77.1%
can
77.1%
change
77.1%
pegs
74.3%
holes.
74.3%
see
74.3%
no
74.3%
things.
74.3%
see
74.3%
we
74.3%
see
74.3%
enough
74.3%
status
71.4%
quo.
71.4%
% Correct
Because
71.4%
human
71.4%
race
71.4%
Because
71.4%
misfits.
68.6%
or
68.6%
can't
68.6%
ignore
68.6%
push
68.6%
forward.
68.6%
some
68.6%
as
68.6%
rebels.
65.7%
troublemakers.
65.7%
not
65.7%
have
65.7%
respect
65.7%
only
65.7%
may
65.7%
genius.
65.7%
differently.
62.9%
of
62.9%
with
62.9%
glorify
60%
vilify
60%
About
60%
rules.
57.1%
disagree
57.1%
While
57.1%
fond
54.3%
quote
54.3%
They're
51.4%
Quiz Playlist
Details
Report
Send in Message
Add To Playlist
Classic:
Type in answers that appear in a list
Quiz Source
Last Updated: Feb 16, 2017
Quiz Scoreboard
CHALLENGE
Sign Up to Join the Scoreboard
Show All
Scores
Hide
Comments
May contain spoilers
Recently Published
9x9 Crossword: Cartoon Network
by jackfrog10
Miscellaneous
3m
College Basketball Coaching Resumes
by pancakes188
Sports
9m
Billboard Blitz: Fleetwood Mac
by CooCooCachoo
Music
15s
More to Explore
Quiz From the Vault
Featured Blog Post
Where Did the Easter Bunny Come From?
hide this ad
You Might Also Like...
Tags
apple
Apple Macintosh
Apple Products
Commercial
Steve Jobs
Today's Top Quizzes in Miscellaneous
Browse Miscellaneous
hide this ad
Today's Top Quizzes in apple
Browse apple
Top Contributed Quizzes in Miscellaneous
1
5-to-1: Fast Food
2
The JOE quick-fire general knowledge quiz: Day 174
3
The JOE quick-fire general knowledge quiz: Day 173
4
5-to-1: Cocktails
5
The JOE quick-fire general knowledge quiz: Day 172
6
Sunday Crossword: Famous Bodies of Water
7
The JOE quick-fire general knowledge quiz: Day 171
8
Named After an Animal - Odd One Out!
9
One Thing in Common: United Kingdom II
10
The JOE quick-fire quiz: Day 170
Explore More
Trending Topics
Marvel
NBA
Crossword
Anime
Disney
Kpop
Harry Potter
Pokémon
NFL
Puzzle
The Office
Song
WWE
Soccer
Country
hide this ad
More By:
Jpwn
Quiz
Plays
Rating
Category
Featured
Created
History of Nation Hockey League Clubs
352
3.38
Sports
Aug 11, 2010
North Carolina State University Facts
197
3.00
Miscellaneous
May 3, 2011
Carolina Hurricanes 2013 Opening Day Roster
115
5.00
Sports
Jan 19, 2013
'Think Different' Commercial Lyrics
35
Miscellaneous
Nov 17, 2011
Go to Creator's Profile
Score Distribution
Quiz Creator Spotlight
Jpwn
Follow
Send a Message
Quizzes Created
-
Created Quiz Play Count
-
More By This Creator
Popular Quizzes Today
1
Find the US States - No Outlines Minefield
2
Find the Countries of Europe - No Outlines Minefield
3
The Countries of the World
4
Find the US States
5
Risky Map Clicking: Biggest States A-Z
6
US States
7
Popular People in 1961
8
Movies - When Are They Set?
More Miscellaneous Quizzes
Easier 'C' Images II
Published
Trending Quizzes
Risky Map Clicking: Least Populous States A-Z
1-10 Letter G Words
1-10 Letter F Words
Risky Map Clicking: Next State Alphabetically
Adjectives in 80s TV Shows
Recently Updated
Leaping Animals
pecheneg
Reality TV Shows (A-Z)
bhenderson79
Rickey Henderson's Hall of Fame Teammates
pecheneg
Champions League XIs: Arsenal
pecheneg
Quick Pick: Celebrities in WWE's Hall of Fame
aduchscher
A-Z Keypad Blitz II
pecheneg
Multiple Oscar Actors
pecheneg
Mystery Phrase Blitz: Oscar 'Best Actors'
pecheneg
F. Scott Fitzgerald Novels
LTH
Pick 3 Villains
ddd62291
Trending Topics
Marvel
Crossword
NBA
Anime
Harry Potter
Kpop
Disney
Soccer
WWE
Country
Pokémon
NFL
The Office
Song
Puzzle
Your Account Isn't Verified!
In order to create a playlist on Sporcle, you need to verify the email address you used during registration. Go to your
Sporcle Settings
to finish the process.
Report this User
Report this user for behavior that violates our
Community Guidelines
.
Details:
Send Report
Go to the Sporcle.com Mobile Site →
Comments